| 000 | 01169cam a22003134a 4500 | ||
|---|---|---|---|
| 003 | OSt | ||
| 005 | 20140310182451.0 | ||
| 008 | 070831s2009 paua b 001 0 eng | ||
| 020 | _a9780781765442 | ||
| 020 | _a9780781765442 | ||
| 050 |
_aRM 263 _b.R37 2009 |
||
| 100 | 1 |
_aRascati, Karen L. _98140 |
|
| 245 | 1 | 0 |
_aEssentials of pharmacoeconomics / _cKaren L. Rascati. |
| 260 |
_aPhiladelphia : _bLippincott Williams & Wilkins, _cc2009. |
||
| 300 |
_a250 p. : _bill. ; _c26 cm. |
||
| 650 | 0 |
_aChemotherapy _xEconomic aspects. _98141 |
|
| 650 | 0 |
_aDrugs _xCost effectiveness. _98142 |
|
| 650 | 0 |
_aPharmacy _xEconomic aspects. _98143 |
|
| 650 | 1 | 2 |
_aEconomics, Pharmaceutical. _98144 |
| 650 | 2 | 2 |
_aCosts and Cost Analysis _xmethods. _98145 |
| 650 | 2 | 2 |
_aModels, Economic. _98146 |
| 650 | 2 | 2 |
_aPharmaceutical Preparations _xeconomics. _98147 |
| 650 | 2 | 2 |
_aPharmaceutical Services _xeconomics. _98148 |
| 856 | 4 | 2 |
_3Publisher description _uhttp://www.loc.gov/catdir/enhancements/fy0743/2007036322-d.html |
| 856 | 4 | 1 |
_3Table of contents only _uhttp://www.loc.gov/catdir/enhancements/fy0835/2007036322-t.html |
| 942 |
_2lcc _cSSLC |
||
| 999 |
_c13681 _d13681 |
||